S-Bahn-Stationen in Düsseldorf - Statistiken

Allgemein
  • Dieses Quiz wurde 178 mal gespielt
  • Das Durchschnittsergebnis liegt bei 37 aus 48
Antwortstatistiken
Hint Antwort % Korrekt
S1 Hauptbahnhof
98%
S6 Hauptbahnhof
98%
S8 Hauptbahnhof
98%
S11 Hauptbahnhof
98%
S28 Hauptbahnhof
98%
S8 Bilk
91%
S11 Bilk
91%
S28 Bilk
91%
S6 Benrath
88%
S1 Flughafen
85%
S11 Flughafen
85%
S1 Eller
84%
S1 Zoo
83%
S6 Zoo
83%
S11 Zoo
83%
S1 Derendorf
81%
S6 Derendorf
81%
S11 Derendorf
81%
S1 Oberbilk
81%
S6 Oberbilk
81%
S8 Friedrichstadt
75%
S11 Friedrichstadt
75%
S28 Friedrichstadt
75%
S1 Wehrhahn
75%
S6 Wehrhahn
75%
S11 Wehrhahn
75%
S8 Flingern
74%
S28 Flingern
74%
S8 Gerresheim
73%
S28 Gerresheim
73%
S1 Unterrath
73%
S6 Garath
72%
S6 Rath
72%
S1 Volksgarten
69%
S6 Volksgarten
69%
S6 Reisholz
67%
S8 Hamm
65%
S11 Hamm
65%
S28 Hamm
65%
S6 Eller Süd
64%
S8 Völklinger Str.
64%
S11 Völklinger Str.
64%
S28 Völklinger Str.
64%
S6 Hellerhof
60%
S1 Eller Mitte
59%
S6 Rath Mitte
56%
S1 Angermund
54%
S11 Flughafen Terminal
54%
Keine übereinstimmenden Quizze gefunden
Verteilung der Resultate
Anzahl Personen mit jedem Resultat
Perzentil nach korrekt beantworteten Fragen
Ihre Resultats-Entwicklung
Sie haben dieses Quiz noch nicht gespielt